| 000 | 01109nam a22002657a 4500 | ||
|---|---|---|---|
| 005 | 20240530110337.0 | ||
| 008 | 141021s2011 ua gr 000 0 ara d | ||
| 017 |
_a5492/2011 _bمصر . دار الكتب |
||
| 040 | _aEG-CaGPL | ||
| 082 | 0 | 4 |
_221 _a323 _bم ج |
| 110 | 0 | _aمركز القاهرة لدراسات حقوق الانسان | |
| 245 | 1 |
_aجذور الثورة : _bحقوق الانسان فى العالم العربى - التقرير السنوى 2010 / _cمركز القاهرة لدراسات حقوق الانسان |
|
| 250 | _aط1 | ||
| 260 |
_aالقاهرة : _bمركز القاهرة لدراسات حقوق الانسان ، _c2011 |
||
| 300 |
_a313 ص ؛ _c24 سم |
||
| 490 |
_aسلسلة قضايا الاصلاح _v24 |
||
| 650 | 0 | 4 | _aحق الاجتماع |
| 650 | 0 | 4 | _aالحقوق المدنية |
| 650 | 0 | 4 | _aحق الانتخاب |
| 650 | 0 | 4 | _aالحقوق السياسية |
| 650 | 0 | 4 | _aحقوق الانسان |
| 650 | 0 | 4 | _aحرية التعبير |
| 942 |
_2ddc _cBK |
||
| 999 |
_c59816 _d59816 |
||